| 000 | 01026nam a2200217Ia 4500 | ||
|---|---|---|---|
| 999 |
_c50810 _d50810 |
||
| 001 | 17763 | ||
| 003 | GE_BSU | ||
| 005 | 20250911190602.0 | ||
| 008 | 181216s2011||||ge |||||||||||||| ||geo|| | ||
| 020 | _a9789941417566 | ||
| 040 | _cGE_BSU | ||
| 041 | _ageo | ||
| 080 | _a664.02(075) მ-74 | ||
| 100 |
_aმიქაბერიძე, მ. _925800 |
||
| 245 |
_aკვების საწარმოების პროცესები და აპარატები : _b[დამხმ. სახელმძღვ.] / _cმ. მიქაბერიძე; აკ. წერეთლის სახელმწ. უნ-ტი. |
||
| 264 |
_aქუთაისი : _bაკ. წერეთლის სახელმწ. გამ-ბა, _c2011. |
||
| 300 |
_a272 გვ. : _bნახ., ცხრ. ; _c21 სმ. |
||
| 300 | _eბიბლ.გვ.263-264 | ||
| 653 | _aკვების საწარმოების პროცესები და აპარატები | ||
| 942 |
_cBK _2udc |
||